000 00728nam a2200289Ia 4500
001 23230
003 IT-RoPAU
008 130308s9999 xx 000 0 und d
040 _aIT-RoPAU
040 _cIT-RoPAU
041 _aITALIANO
100 _aRaffaelli Luca
100 _gCodice Aut. SPICS: 31530
245 _aLuogo comune
245 _bDino Battaglia
250 _a1a ed.
260 _aMONTEPULCIANO
260 _bEditori Del Grifo
260 _c1981 [1° Ed.:1981 - Ed.Ling.Originale:1981]
300 _a"3 p. (prefazione: no ; testo: 3 [pagine: 111-113])"
650 _aAUTORI/OPERE DI FUMETTO
650 _eCodice materia Spics: 6707
942 _cBK
957 _71
999 _c50407
_d50407
999 _bSI
999 _g1